| 000 | 01624cam a22004217a 4500 | ||
|---|---|---|---|
| 003 | CHAP | ||
| 005 | 20220329142441.0 | ||
| 008 | 010301d2000 mx bd r o00110 spa d | ||
| 010 | _a83693 | ||
| 011 | _a84665 | ||
| 035 | _a95190 | ||
| 040 | _cCHAP | ||
| 082 | 0 | 4 |
_a631.7 _bC77 |
| 110 | 2 |
_aComisión Nacional del Agua. México _925810 |
|
| 245 | 1 | 0 |
_aSuperficies regadas y volúmenes de agua distribuidos en los Distritos de Riego: _baño agrícola _c/por Comisión Nacional del Agua |
| 260 |
_aMéxico, D.F. : _bComisión Nacional del Agua, _c2000- |
||
| 300 |
_av. : _bgráfs. ; mapas ; tablas |
||
| 410 | 2 | 1 | _aComisión Nacional del Agua |
| 490 | 0 |
_aInforme estadístico _v; 2 |
|
| 500 | _aLa biblioteca tiene: 1998-99, 2000-2001 | ||
| 590 |
_aBATCH-UPD _b10 _c20130110 _lUCH01 _h0806 |
||
| 590 |
_aBATCH-UPD _b10 _c20130410 _lUCH01 _h0444 |
||
| 590 |
_aBATCH-UPD _b10 _c20130914 _lUCH01 _h1018 |
||
| 590 |
_aCONVERSION _b10 _c20130109 _lUCH01 _h1347 |
||
| 650 | 1 | 4 |
_aAgua _xAprovechamiento. _92282 |
| 650 | 1 | 4 |
_aAgua _xDistribucion. _92366 |
| 650 | 1 | 4 |
_aDistritos de riego. _932966 |
| 650 | 1 | 4 |
_aIrrigación. _960366 |
| 810 | 0 | 0 |
_aComisión Nacional del Agua _925804 |
| 830 | 0 |
_aInforme estadístico _v; 2 _958134 |
|
| 901 | _aBK | ||
| 905 | _aMarco A. Mendoza T. | ||
| 942 | _cLIBRO | ||
| 949 |
_a631.7 C77 _bBC _cC _d33724000810610 _eC _f1998-99 _h99797 _i95190 _sex |
||
| 949 |
_a631.7 C77 _bBC _cC _d33724000810628 _eC _f1998-99 c.2 _h99798 _i95190 _sb |
||
| 949 |
_a631.7 C77 _bBC _cC _d33724000810636 _eC _f1998-99 c.3 _h99799 _i95190 _sb |
||
| 949 |
_a631.7 C77 _bBC _cC _d33724000873667 _eC _f2000-2001 _gDonaciØn _h103343 _i95190 _sb |
||
| 999 |
_c83693 _d83693 |
||